000 00637nam a22002537a 4500
003 UA-OsUOA
001 31742
007 ta
008 20050111b un ||||| |||| 00| 0 ukr d
100 _aСлуцкий А. Г.
090 _a94(44)
_bС49
942 _cBK
040 _aUA-OsUOA
_brus
_cUA-OsUOA
_dUA-OsUOA
245 _aПарижская коммуна 1871 года
_bКраткий очерк
300 _a280 с.
955 _a0
041 _arus
080 _a94(44)
260 _aМосква
_bНаука
_c1971
044 _aRU
250 _n2-е изд., испр. и доп.
650 7 _2UDC
999 _c318172
_d318172